Loading...
History - European History | 0 | 6 | 0 | 1 | 60 | 72 | 111.67 | 0 | 1 |
Literature - American Literature | 0 | 4 | 0 | 0 | 40 | 93 | 114.75 | 0 | 0 |
History - World History | 0 | 4 | 0 | 0 | 40 | 62 | 92.25 | 0 | 0 |
Any History | 0 | 3 | 0 | 0 | 30 | 86 | 105.33 | 0 | 0 |
Mythology | 0 | 3 | 0 | 0 | 30 | 77 | 107.33 | 0 | 1 |
History - American History | 0 | 3 | 1 | 0 | 25 | 83 | 104.00 | 0 | 0 |
Science - Other Science | 0 | 3 | 1 | 0 | 25 | 55 | 71.00 | 1 | 3 |
Literature - World Literature | 0 | 2 | 0 | 0 | 20 | 33 | 81.50 | 1 | 1 |
Other Academic | 0 | 2 | 0 | 0 | 20 | 105 | 116.00 | 0 | 0 |
Painting & Sculpture | 0 | 2 | 1 | 1 | 15 | 106 | 121.00 | 0 | 0 |
Philosophy | 0 | 1 | 0 | 0 | 10 | 119 | 119.00 | 0 | 0 |
Science - Biology | 0 | 1 | 0 | 0 | 10 | 90 | 90.00 | 0 | 0 |
Religion | 0 | 1 | 1 | 0 | 5 | 108 | 108.00 | 0 | 0 |
Social Science | 0 | 1 | 1 | 0 | 5 | 127 | 127.00 | 0 | 0 |
Literature - European Literature | 0 | 0 | 1 | 0 | -5 | 0.00 | 0 | 0 | |
Science - Chemistry | 0 | 0 | 1 | 0 | -5 | 0.00 | 0 | 0 | |
Fine Arts - Other Fine Arts | 0 | 0 | 3 | 0 | -15 | 0.00 | 0 | 0 |